| 000 | 00644nam a2200241Ia 4500 | ||
|---|---|---|---|
| 003 | OSt | ||
| 005 | 20221005130433.0 | ||
| 006 | a|||||r|||| 00| 0 | ||
| 007 | ta | ||
| 008 | 221004b |||||||| |||| 00| 0 eng d | ||
| 024 | _a30502 | ||
| 037 | _cTextual | ||
| 040 |
_aCRL _cCRL _beng |
||
| 041 |
_2eng _aeng |
||
| 082 | _aM2t2,N52, J4.1(RR) | ||
| 110 |
_aIndia.press commission.1954. _9638140 |
||
| 245 | 0 | _aReport of the press commission | |
| 260 | _c1954 | ||
| 650 | _aINDUSTRIAL ARTS | ||
| 700 |
_aIndia.press commission.1954. _9638141 |
||
| 942 |
_hM2t2,N52, J4.1(RR) _cTEXL _2cc |
||
| 999 |
_c1057197 _d1057197 |
||